Diseño de estructura de pavimento rígido en las calles Luis Alfonso y el Cementerio del casco urbano del municipio de Siuna por el método de la PCA portland Cement Association

Presenta el diseño de estructura de pavimento rígido en las calles Luis Alfonso y el Cementerio del casco urbano del municipio de Siuna por el método de la PCA portland Cement Association en el cual se realizó un análisis de los suelos existentes de la line y banco de materiales así como un es...

Full description

Bibliographic Details
Main Author: Martínez Rodríguez, Norvin Dayan
Other Authors: Tutor: Bustamante Arteaga, José Fernando
Format: Tesis Section = Libro
Language:Undetermined
Spanish
Published: Managua UNI 2017
Subjects:
LEADER 01356nam a2200265Ia 4500
008 240830s9999 xx 000 0 und d
040 |a BIBLIOTECA-RUPAP Mon 625.85 M385 
041 |a spa 
082 |a Mon 625.85 M385 
100 1 |a Martínez Rodríguez, Norvin Dayan 
245 1 0 |a Diseño de estructura de pavimento rígido en las calles Luis Alfonso y el Cementerio del casco urbano del municipio de Siuna por el método de la PCA portland Cement Association 
260 |a Managua  |b UNI  |c 2017 
300 |a 72 p. :il. 
500 |a Contiene anexos y CD 
502 |a Tesis (Ingeniero Civil)- UNI, 2017. 
520 3 |a Presenta el diseño de estructura de pavimento rígido en las calles Luis Alfonso y el Cementerio del casco urbano del municipio de Siuna por el método de la PCA portland Cement Association en el cual se realizó un análisis de los suelos existentes de la line y banco de materiales así como un estudio de tráfico para el cálculo de numero de repeticiones esperadas por eje durante el periodo de diseño. 
650 7 |a PAVIMENTOS 
650 7 |b PAVIMENTOS DE HORMIGON 
650 7 |c MATERIALES PARA CARRETERAS 
650 7 |d DISEÑO DE ESTRUCTURA DE PAVIMENTOS 
650 7 |e CALLES - DISEÑO Y CONSTRUCCION 
700 1 |a Tutor:  |b Bustamante Arteaga, José Fernando 
942 |c BK  |2 ddc 
991 |a TESIS 
999 |c 16109